1161 1306 1659 1027 1664 1217 1874 1849 1730 1437 1291 1149 1453 1616 1605 1094 1070 1103 1391 1805 1351 1100 1240 1811 1501 1442 1846 1390 1877 1926 1801 1248 1421 1599 1483 1868 1426 1059 1917 1636 1116 1210 1669 1260 1606 1027 1206 1277 1628 1439 1280 1946 1275 1372 1875 1610 1084 1953 1421 1299 1399 1433 1603 1232 1587 1341 1979 1573 1292 1446 1952 1157 1877 1791 1323 1325 1416 1328 1469 1249 1232 1924 1878 1465 1441 1336 1968 1430 1604 1143 1310 1649 1227 1745 1538 1753 1586 1982 1172 BCNSPRNW ULIB Ver.6.0+V

เปลี่ยนเป็นภาษาไทย

Change to English
 แสดงรายละเอียดบรรณานุกรม
  กลับหน้าหลัก

Brief Record : Get Marc (ISO 2709) : E-mail record : QR code < ปิดหน้าต่าง
LEADER : 00000nam 2200000uu 4500
001    13399110935
003     ULIB
008    110613s||||||||th 000 0 tha d
020    9749183320
050  4 AC158^bอ951ด 2004
100    แอนนิต้า กาเนรี่
245    เด็กๆรู้ไหมทำไมทะเลมีความเค็ม/ ^cผู้แต่ง แอนนิต้า กาเนรี่
260    กรุงเทพฯ : ^bโกรเลียร์ อินเตอร์เนชั่นแนล, ^c2004
300    32 หน้า : ^bภาพประกอบสี ; ^c28 ซม.
650  7 ความรู้รอบตัว
650  7 ทะเล
945    ^p350^l0^i029035
995    ทศพร
999 ^a ใช้งานได้ทุกระบบ
รายการนี้ยังไม่มีแท็ก
คุณยังไม่ได้ล็อกอิน คุณสามารถมีกิจกรรมร่วมกับเว็บไซต์ได้ แต่ต้องล็อกอินก่อน ::
  ล็อกอิน

รายการสื่อสารสนเทศ

ลำดับที่ ประเภท เลขเรียก/บาร์โค้ด สถานที่ สถานะ
- ไม่พบข้อมูล -

รายการใกล้เคียง
    ผู้แต่ง [แอนนิต้า กาเนรี่]

    หัวเรื่อง [ความรู้รอบตัว]
    หัวเรื่อง [ทะเล]

BibComment


ยังไม่เคยถูกคอมเมนท์

คอมเมนท์ทรัพยากรรายการนี้
  คอมเมนท์: เด็กๆรู้ไหมทำไมทะ..


 Copyright 2026. Bcnsprnw @Library